Statistics for Which South Asian Country? - Click Quiz

Click here to take the quiz!

General Stats

  • This quiz has been taken 471 times
  • The average score is 21 of 50

Answer Stats

HintAnswer% Correct
Is home to the major film industry BollywoodIndia
96%
Has its capital at DhakaBangladesh
94%
Was the birthplace of Mahatma GandhiIndia
94%
Borders AfghanistanPakistan
94%
Has the world's tallest mountainNepal
92%
Has the highest population densityBangladesh
73%
Has the world's largest tiger populationIndia
73%
Was never part of the British EmpireNepal
70%
Has Tamil as an official languageSri Lanka
70%
Was home to famed singer Nusrat Fateh Ali KhanPakistan
69%
Has won the most Cricket World CupsIndia
68%
Is building the largest mosque outside of Saudi ArabiaPakistan
68%
Has fought a war against ChinaIndia
65%
Has the world's largest statueIndia
61%
Gained independence most recentlyBangladesh
58%
Had a cricket captain who became a Prime MinisterPakistan
58%
Had a King who was assassinated by his own sonNepal
56%
Suffered a devastating economic collapse in 2022Sri Lanka
53%
Does not recognize 2 UN member statesPakistan
49%
Contains most of the world's largest mangrove forestBangladesh
47%
Has a major city known as "The Pink City"India
47%
Has the "most dangerous airport in the world"Nepal
47%
Was the birthplace of the BuddhaNepal
47%
Was once partially ruled by the DutchSri Lanka
43%
Had a Prime Minister who consumed urineIndia
40%
Has the most native Punjabi speakersPakistan
40%
Is home to the famed beach Cox's BazaarBangladesh
35%
Has a mysterious "Skeleton Lake"India
34%
Has the world's most remote Irish pubNepal
34%
Has the highest % of ChristiansSri Lanka
33%
Had a significant amount of territory under the Mongol EmpirePakistan
32%
Is the world's second largest garment exporterBangladesh
30%
Has the lowest GDP per capitaNepal
28%
Is the world's third largest tea exporterSri Lanka
27%
Has communist terrorist groups known as NaxalitesIndia
23%
Is the world's largest producer of soccer ballsPakistan
23%
Is the most forested country in the regionNepal
20%
Has a temple dedicated to one of the Buddha's teethSri Lanka
19%
Does not use the rupee as currencyBangladesh
18%
Became the first country to ban "The Satanic Verses"India
18%
Is mentioned in the Hindu epic "The Ramayana"Sri Lanka
15%
Had the world's first female Prime MinisterSri Lanka
14%
Was the birthplace of the designer of Chicago's Willis TowerBangladesh
11%
Has the deepest bridge in the worldBangladesh
11%
Is often considered Asia's oldest democracySri Lanka
11%
Has a popular hat style known as the "Dhaka Topi"Nepal
9%
Has the world's largest Hindu templeNepal
7%
Has the most polluted city in the worldPakistan
5%
Has an ethnic group that practices ancient HinduismPakistan
5%
Is the largest contributor to UN Peacekeeping ForcesBangladesh
4%

Score Distribution

Percentile by Number Answered

Percent of People with Each Score

Your Score History

You have not taken this quiz